00334 a2200145 450000100060000002000150000604000240002110000140004524000370005924500320009630000070012836200090013544000130014465000310015769611 a8526220519 cAnchieta - Itaigara aLima, Edy10aA gente que ia buscar o dialpor10aA gente que ia buscar o dia a320 a2003 1aScipione 4aLiteratura infanto-juvenil